Municipios do Estado do Espírito Santo cortados pela BR-101 - Statistics

Estatísticas Gerais
  • Esse quiz foi jogado 53 vezes
  • A pontuação média é 18 de 25
Estatísticas das Respostas
Município % Correto
Vitória
98%
Serra
96%
Linhares
91%
Vila Velha
91%
Fundão
89%
São Mateus
89%
Aracruz
85%
Guarapari
85%
Cachoeiro de Itapemirim
81%
Cariacica
81%
Anchieta
77%
Itapemirim
77%
Viana
72%
Conceição da Barra
70%
Presidente Kennedy
70%
Sooretama
70%
Pedro Canário
68%
Ibiraçu
66%
Iconha
66%
João Neiva
66%
Jaguaré
57%
Mimoso do Sul
57%
Rio Novo do Sul
55%
Pinheiros
47%
Atílio Vivacqua
40%
Nenhum quiz correspondente encontrado
Distribuição das Pontuações
Porcentagem de Pessoas com Cada Pontuação
Percentil de Números Respondidos
Sua Pontuação Histórica
Você não jogou esse quiz